[Event "HUN-chT2 Barcza 1819"]
[Site "Hungary"]
[Date "2018.10.28"]
[Round "3.10"]
[White "Kaman, Attila"]
[Black "Schnitchen, Laszlo"]
[Result "1-0"]
[WhiteElo "2068"]
[BlackElo "1597"]
[PlyCount "59"]
[EventDate "2018.09.23"]
[EventType "team-tourn"]
[EventRounds "11"]
[EventCountry "HUN"]
[SourceTitle "CBM 189 Extra"]
[Source "ChessBase"]
[SourceDate "2019.06.03"]
[SourceVersion "1"]
[SourceVersionDate "2019.06.03"]
[SourceQuality "1"]
[WhiteTeam "Hajduszoboszlo"]
[BlackTeam "Hajduboszormeny"]
[WhiteTeamCountry "HUN"]
[BlackTeamCountry "HUN"]

1. d4 c5 2. d5 d6 3. c4 e5 4. dxe6 Bxe6 5. e4 Nc6 6. Nc3 Nf6 7. h3 Be7 8. Nf3 h6 9. Be2 a6 10. 0-0 0-0 11. Bf4 Qc7 12. Qd2 Kh7 13. Rad1 Rad8 14. Qe3 Ne5 15. Nd2 Rfe8 16. g4 g5 17. Bg3 Ng6 18. Bd3 Kg7 19. Ne2 Qc8 20. f4 gxf4 21. Nxf4 Nxf4 22. Bxf4 Ng8 23. e5 dxe5 24. Bxe5+ Kf8 25. Ne4 Rd4 26. Bxd4 cxd4 27. Qf4 Qd8 28. Rde1 Bh4 29. Nd6 Bg5 30. Qxf7+ 1-0

[Event "HUN-chT2 Barcza 1819"]
[Site "Hungary"]
[Date "2018.10.07"]
[Round "2.11"]
[White "Fazekas, Istvan"]
[Black "Schnitchen, Laszlo"]
[Result "1/2-1/2"]
[WhiteElo "1445"]
[BlackElo "1597"]
[PlyCount "74"]
[EventDate "2018.09.23"]
[EventType "team-tourn"]
[EventRounds "11"]
[EventCountry "HUN"]
[SourceTitle "CBM 189 Extra"]
[Source "ChessBase"]
[SourceDate "2019.06.03"]
[SourceVersion "1"]
[SourceVersionDate "2019.06.03"]
[SourceQuality "1"]
[WhiteTeam "Kazincbarcika"]
[BlackTeam "Hajduszoboszlo"]
[WhiteTeamCountry "HUN"]
[BlackTeamCountry "HUN"]

1. d4 c5 2. c3 cxd4 3. cxd4 Nf6 4. Nc3 d5 5. Bg5 Nc6 6. e3 a6 7. Bd3 e6 8. f4 Bd7 9. Nf3 Be7 10. 0-0 h6 11. Bh4 Nb4 12. Rc1 Nxd3 13. Qxd3 0-0 14. Ne5 Be8 15. Rc2 b5 16. Rfc1 b4 17. Ne2 Bb5 18. Qd1 Ne4 19. Nc6 Bxc6 20. Bxe7 Qxe7 21. Rxc6 a5 22. Ng3 Nxg3 23. hxg3 Rfd8 24. Rc7 Rd7 25. Qc2 g6 26. b3 Rxc7 27. Qxc7 Qxc7 28. Rxc7 a4 29. Rb7 axb3 30. axb3 Rc8 31. Kf2 Rc3 32. Rxb4 g5 33. fxg5 hxg5 34. Rb7 g4 35. Rb6 Rc2+ 36. Kf1 Rc3 37. Kf2 Rc2+ 1/2-1/2

[Event "HUN-chT2 Barcza 0304"]
[Site "Hungary"]
[Date "2003.12.07"]
[Round "5"]
[White "Markus, Mihaly"]
[Black "Schnitchen, Laszlo"]
[Result "1-0"]
[WhiteElo "1843"]
[BlackElo "1868"]
[PlyCount "121"]
[EventDate "2003.08.29"]
[EventType "team"]
[EventRounds "11"]
[EventCountry "HUN"]
[SourceTitle "EXT 2009"]
[Source "ChessBase"]
[SourceDate "2008.11.26"]
[SourceVersion "1"]
[SourceVersionDate "2008.11.26"]
[SourceQuality "1"]
[WhiteTeam "Szabolcs Volan"]
[BlackTeam "Debrecen Betu"]
[WhiteTeamCountry "HUN"]
[BlackTeamCountry "HUN"]

1. e4 c5 2. Nf3 d6 3. d4 cxd4 4. Qxd4 Nc6 5. Bb5 Bd7 6. Bxc6 Bxc6 7. 0-0 Nf6 8. e5 dxe5 9. Qxd8+ Rxd8 10. Nxe5 Be4 11. c3 e6 12. Be3 Bd6 13. Nc4 Bb8 14. Nbd2 Bd3 15. Rfe1 0-0 16. Bg5 Rd5 17. Bxf6 gxf6 18. Ne3 Rg5 19. Nf3 Rg7 20. Rad1 Be4 21. Nd2 Bc6 22. g3 f5 23. Ng2 h5 24. Nh4 Bc7 25. Ndf3 Bd8 26. Rd4 Bf6 27. Rd6 Be4 28. Kf1 Kh7 29. Re3 Be7 30. Rd7 Bc5 31. Re1 Bc6 32. Rd2 Be7 33. Re3 Be4 34. Rd7 Bf6 35. Ng2 Bc6 36. Rd2 Rg4 37. Ne5 Bxe5 38. Rxe5 Re8 39. Ne3 Re4 40. Rc5 Kg6 41. Ng2 f6 42. Re2 Rxe2 43. Nf4+ Kg5 44. Kxe2 e5 45. Nd5 e4 46. h4+ Kg6 47. Nf4+ Kh6 48. Rxf5 Re5 49. Rxf6+ Kg7 50. Rg6+ Kf7 51. Rg5 Rxg5 52. hxg5 Bd7 53. Ke3 Bf5 54. f3 exf3 55. Kxf3 Bg4+ 56. Ke4 Kg7 57. Ke5 Bf3 58. Kd6 a6 59. a4 Kf7 60. a5 Kg7 61. Kc5 1-0